| 000 | 00432nam a2200181Ia 4500 | ||
|---|---|---|---|
| 003 | 0100 | ||
| 008 | 130303s9999 xx 000 0 und d | ||
| 040 | _cARRUPELIB | ||
| 050 | _aBF199.S541976 | ||
| 100 | _aSkinner, B.F | ||
| 245 | _aAbout Behaviorism | ||
| 245 | _bThere could be better introduction to the behaviorist position | ||
| 260 | _aNY | ||
| 260 | _bVintage Books | ||
| 260 | _C1976 | ||
| 300 | _a291p | ||
| 942 | 0 | 0 | _02 |
| 999 |
_c28614 _d28614 |
||